Music Quiz

Random Music or Song Quiz

'Get' Song Titles Quiz Stats

 Plays Quiz Updated Mar 14, 2018

Also try: 'All' Song Titles
Challenge
Share
Tweet
Embed
Score 0/30 Timer 05:00
5 Plays Today
% Correct
On
91.1%
Party
90.4%
Head
87.9%
Enough
86.6%
Better
86.3%
Place
85.4%
Give
82.9%
Freak
81.4%
Life
81.1%
Feet
80.6%
Closer
80.3%
Love
77.5%
Fooled
76.6%
Car
76.5%
See
76%
% Correct
Me
73.2%
Down
72.8%
Hooked
71.9%
Cloud
70.9%
Started
69.1%
It
67.2%
Wrong
64.5%
Lucky
62.1%
Next
57.4%
Back
56.9%
Ready
50.8%
Right
43%
Up
33.3%
Together
30.8%
Higher
28.2%

You're not logged in!

Compare scores with friends on all Sporcle quizzes.
OR
Log In

You Might Also Like...

Show Comments

Extras

Top Quizzes Today


Score Distribution

Your Account Isn't Verified!

In order to create a playlist on Sporcle, you need to verify the email address you used during registration. Go to your Sporcle Settings to finish the process.

Report this User

Report this user for behavior that violates our Community Guidelines.

Details: